| 000 | 00743nam a2200253 i 4500 | ||
|---|---|---|---|
| 001 | 000032130 | ||
| 003 | DO-SdBNP | ||
| 005 | 20230929094008.0 | ||
| 007 | ta | ||
| 008 | 110712s2012 mx 000 0 spa d | ||
| 020 | _a8486942861 | ||
| 040 |
_aDO-SdBNP _bspa _cBNPHU _erda |
||
| 082 |
_bL581g _222 |
||
| 100 |
_aLeonardo Henríquez, Fausto Antonio _eautor _984300 |
||
| 245 | 1 | 3 |
_aGemidos del ciervo herido / _cFausto Antonio Leonardo Henríquez |
| 264 |
_aMadrid : _bFundación Fernando Rielo , _c2012 |
||
| 300 |
_a98 paginas. ; _c24 cm. |
||
| 336 |
_2rdacontent _atexto _btxt |
||
| 337 |
_2rdamedia _asin mediación _bn |
||
| 338 |
_2rdacarrier _avolumen _bnc |
||
| 590 | _aInventariado, 2023 / DG | ||
| 910 | _aDG | ||
| 942 |
_2ddc _cLBS1 |
||
| 999 |
_c55011 _d55011 |
||